| 000 | 00771nam a2200181 a 4500 | ||
|---|---|---|---|
| 008 | 120416s1994 ||||||||||||||||| || u | ||
| 020 | _a906832084X | ||
| 050 | _aS 540 Set | ||
| 100 | _aMeindertsma, J. Douwe | ||
| 245 | 1 | 0 |
_aSetting research priorities : towards effective farmer-oriented research _cedited by J. Douwe Meindertsma |
| 260 |
_aAmsterdam _bRoyal Tropical Institute _c1994 |
||
| 300 | _a263p. : ill. | ||
| 350 | _a0.00 | ||
| 490 | _aDevelopment oriented research in agriculture | ||
| 650 | _aAGRICULTURE--RESEARCH--CONGRESSES | ||
| 650 | _aAGRICULTURE--RESEARCH--DEVELOPING COUNTRIES--CONGRESSES | ||
| 995 |
_D0.00 _FCBU-MAIN LIBRARY (Kitwe) _H1 _I10.00 _M1 _UAVAILABLE _ZMain Library Open Access Collection |
||
| 999 |
_c57343 _d57343 |
||